000 00437nam a2200145Ia 4500
008 100204s9999 xx 000 0 und d
082 _b9110
100 _aसोहनी गुरुदत्त
245 _aगणकयंत्र
260 _b"पुरंदरं पंकाशन , पुणे"
_c1986
300 _a47
630 _aगणकयंत्र
730 _aगणकयंत्र
942 _cBOOK
999 _c453546
_d453543